000 00395 a2200157 4500
003 OSt
005 20240206125623.0
008 240206b |||||||| |||| 00| 0 eng d
020 _a9789385891793
100 _aSalhan,Sudha
_9181512
245 _aTextbook Of Obstetrics
250 _a2nd
260 _bJaypee Brothers Medical Publisher
_c2016
650 _aMIDWIFERY
_9106507
942 _2ddc
_cBK
999 _c158821
_d158821